[Event "Challenge"]
[Site "http://www.queenalice.com/game.php?id=1284077"]
[Date "2014.5.26"]
[Round "-"]
[White "PauloRezendeCXG"]
[Black "WeirdGoblin"]
[Result "1/2-1/2"]
[WhiteElo "2177"]
[BlackElo "2382"]

1. d4 Nf6 2. c4 e6 3. Nf3 c5 4. dxc5 Bxc5 5. e3 O-O 6. Be2 Nc6 7. b3 d5 8. O-O
a6 9. Bb2 dxc4 10. Qxd8 Rxd8 11. Bxf6 gxf6 12. Bxc4 b5 13. Be2 Bb7 14. Nc3 Rd7
15. Rfd1 Rad8 16. Rxd7 Rxd7 17. Rd1 Rxd1+ 18. Nxd1 Nb4 19. Nc3 Kf8 20. a4 bxa4
21. Nxa4 Ba7 22. Nd2 Ke7 23. Bf3 Bxf3 24. Nxf3 Kd6 25. Kf1 Nd3 26. Nd2 f5 27.
Ke2 Ne5 28. f4 Nd7 29. g3 Kc6 30. Nb2 1/2-1/2

[Event "AUTO-OPEN-3025"]
[Site "http://www.queenalice.com/game.php?id=1294381"]
[Date "2014.7.13"]
[Round "4"]
[White "leoarthur"]
[Black "PauloRezendeCXG"]
[Result "1-0"]
[WhiteElo "2165"]
[BlackElo "2174"]

1. e4 e6 2. d4 d5 3. Nd2 Nf6 4. e5 Nfd7 5. f4 c5 6. c3 Nb6 7. Ndf3 Bd7 8. Bd3 c4
9. Bc2 Nc6 10. Ne2 Be7 11. O-O Qc7 12. Be3 h6 13. b4 cxb3 14. axb3 a5 15. Ng3 h5
16. h4 g6 17. Ng5 Na7 18. Bd2 Nc6 19. Qb1 Rg8 20. Kh2 a4 21. bxa4 Nc4 22. Bc1
Qa5 23. Ne2 b5 24. g3 b4 25. cxb4 Nxb4 26. Bb3 Qa6 27. Nc3 Nxe5 28. Ba3 Ng4+ 29.
Kh1 Rb8 30. Rf3 f6 31. Nh3 Kf7 32. Qd1 Rgc8 33. Na2 1-0

[Event "AUTO-OPEN-3025"]
[Site "http://www.queenalice.com/game.php?id=1294382"]
[Date "2014.7.13"]
[Round "4"]
[White "PauloRezendeCXG"]
[Black "leoarthur"]
[Result "1-0"]
[WhiteElo "2196"]
[BlackElo "2194"]

1. d4 d5 2. Nf3 Nf6 3. c4 e6 4. Bg5 Nbd7 5. e3 h6 6. Bxf6 Nxf6 7. cxd5 exd5 8.
Be2 Bb4+ 9. Nbd2 O-O 10. O-O c6 11. a3 Bd6 12. Rc1 Bf5 13. Re1 Rc8 14. b4 Bb8
15. Qb3 Qd6 16. Ne5 Nd7 17. Ndf3 Be4 18. Nxd7 Qxd7 19. Nd2 Qd6 20. f4 Bh7 21.
Bd3 f5 22. Nf3 Qe7 23. b5 Qd6 24. bxc6 bxc6 25. Ba6 Rc7 26. Rc5 Bg6 27. Rec1 Be8
28. Qxb8 Bh5 29. Qb3 Bxf3 30. gxf3 Qg6+ 31. Kh1 Qh5 32. Be2 Rf6 33. Qb8+ 1-0

[Event "Xadrez"]
[Site "http://www.queenalice.com/game.php?id=1300919"]
[Date "2014.8.11"]
[Round "-"]
[White "Sacapiece"]
[Black "PauloRezendeCXG"]
[Result "0-1"]
[WhiteElo "2132"]
[BlackElo "2183"]

1. e4 e6 2. d4 d5 3. Nc3 Nf6 4. Bg5 dxe4 5. Nxe4 Be7 6. Bxf6 Bxf6 7. Nf3 O-O 8.
Qd2 b6 9. O-O-O Bb7 10. Bd3 Nd7 11. h4 Be7 12. Neg5 Nf6 13. Ne5 h6 14. Qf4 Qe8
15. Ngxf7 Rxf7 16. Bg6 Bd6 17. Rh3 Qe7 18. Bxf7+ Qxf7 19. Rc3 Qe7 20. Qh2 c5 21.
dxc5 bxc5 22. f4 Ne4 23. Re3 Bxe5 24. fxe5 Nf2 0-1

[Event "AUTO-ELITE-1403"]
[Site "http://www.queenalice.com/game.php?id=1316272"]
[Date "2014.10.18"]
[Round "1"]
[White "PauloRezendeCXG"]
[Black "amarkin"]
[Result "0-1"]
[WhiteElo "2128"]
[BlackElo "2395"]

1. d4 Nf6 2. Nf3 d5 3. c4 g6 4. Nc3 Bg7 5. e3 O-O 6. Be2 dxc4 7. Bxc4 c5 8. O-O
cxd4 9. Nxd4 Qc7 10. Qb3 Na6 11. Bxa6 bxa6 12. Bd2 e5 13. Nf3 Rb8 14. Qc2 Bf5
15. Qc1 Rfd8 16. b3 Qb7 17. Rd1 Bg4 18. Be1 Bxf3 19. gxf3 Qxf3 20. Rxd8+ Rxd8
21. Qc2 Qg4+ 22. Kh1 Qh3 0-1

[Event "AUTO-ELITE-1403"]
[Site "http://www.queenalice.com/game.php?id=1316273"]
[Date "2014.10.18"]
[Round "1"]
[White "amarkin"]
[Black "PauloRezendeCXG"]
[Result "1-0"]
[WhiteElo "2399"]
[BlackElo "2124"]

1. e4 e6 2. d4 d5 3. Nc3 Nf6 4. e5 Nfd7 5. Be3 c5 6. f4 cxd4 7. Qxd4 Bc5 8. Qd2
Bxe3 9. Qxe3 Nc6 10. Nf3 Qb6 11. Qxb6 Nxb6 12. Bd3 Bd7 13. b3 a6 14. a4 a5 15.
Nb5 Ke7 16. c3 Na7 17. Nbd4 Rhc8 18. Kd2 h6 19. h4 Rc7 20. g4 Rac8 21. Rac1 Be8
22. g5 h5 23. g6 1-0

[Event "AUTO-ELITE-1403"]
[Site "http://www.queenalice.com/game.php?id=1316274"]
[Date "2014.10.18"]
[Round "1"]
[White "PauloRezendeCXG"]
[Black "FabioDavid"]
[Result "1/2-1/2"]
[WhiteElo "2206"]
[BlackElo "2474"]

1. d4 f5 2. Nf3 Nf6 3. c4 e6 4. Bg5 Be7 5. Nc3 O-O 6. e3 d6 7. Be2 b6 8. O-O Bb7
9. Bxf6 Bxf6 10. Qc2 Na6 11. a3 c5 12. Rad1 Qe7 13. dxc5 dxc5 14. Rd2 Rad8 15.
Rfd1 Rxd2 16. Qxd2 Nc7 17. Kf1 g5 18. Qd7 Qxd7 19. Rxd7 Rf7 20. Rxf7 1/2-1/2

[Event "AUTO-ELITE-1403"]
[Site "http://www.queenalice.com/game.php?id=1316275"]
[Date "2014.10.18"]
[Round "1"]
[White "FabioDavid"]
[Black "PauloRezendeCXG"]
[Result "1-0"]
[WhiteElo "2473"]
[BlackElo "2214"]

1. e4 e6 2. d4 d5 3. Nc3 Nf6 4. Bg5 Be7 5. e5 Nfd7 6. h4 a6 7. Qg4 f6 8. Qh5+ g6
9. exf6 Nxf6 10. Qe2 b5 11. a3 Nc6 12. Nf3 Qd6 13. O-O-O h6 14. Bd2 Bd7 15. g3
Nh5 16. Qd3 O-O-O 17. Qxg6 Be8 18. Qd3 Kb7 19. Kb1 e5 20. dxe5 Nxe5 21. Nxe5
Qxe5 22. Bg2 c6 23. Rhe1 Qd6 24. Nxd5 cxd5 25. Bb4 1-0

[Event "AUTO-ELITE-1404"]
[Site "http://www.queenalice.com/game.php?id=1316748"]
[Date "2014.10.20"]
[Round "1"]
[White "greggy"]
[Black "PauloRezendeCXG"]
[Result "1-0"]
[WhiteElo "2503"]
[BlackElo "2210"]

1. e4 e6 2. d4 d5 3. Nc3 Nf6 4. Bg5 Be7 5. e5 Nfd7 6. Bxe7 Qxe7 7. f4 a6 8. Qg4
f5 9. Qh5+ Qf7 10. Qxf7+ Kxf7 11. Nf3 h6 12. O-O-O c5 13. Rg1 Nc6 14. g4 cxd4
15. Nxd4 Nxd4 16. Rxd4 g6 17. gxf5 gxf5 18. Rd3 Rg8 19. Rxg8 Kxg8 20. Rg3+ Kh7
21. Ne2 Nc5 22. Rc3 Nd7 23. Nd4 Nf8 24. Rc7+ Kg8 25. c4 Ng6 26. cxd5 Nxf4 27. d6
1-0

[Event "AUTO-ELITE-1404"]
[Site "http://www.queenalice.com/game.php?id=1316749"]
[Date "2014.10.20"]
[Round "1"]
[White "PauloRezendeCXG"]
[Black "greggy"]
[Result "0-1"]
[WhiteElo "2220"]
[BlackElo "2511"]

1. d4 Nf6 2. Nf3 d5 3. Bf4 e6 4. Nbd2 c5 5. e3 Nbd7 6. Be2 Be7 7. O-O O-O 8. c4
cxd4 9. exd4 dxc4 10. Nxc4 Nb6 11. Rc1 Nxc4 12. Rxc4 Bd7 13. Bc7 Qe8 14. Ne5 Bb5
15. Rc1 Nd5 16. Nd3 Nxc7 17. Rxc7 Qd8 18. Rxb7 Bc6 19. Rxe7 Qxe7 20. Ne5 Rac8
21. Ba6 Bb7 22. Bxb7 Qxb7 23. Qd2 Rfd8 24. Nf3 Qd5 25. b3 e5 26. h3 e4 27. Nh2
Qxd4 28. Qf4 Rc2 29. Ng4 Rxa2 30. Qg3 Qd3 31. Nf6+ Kh8 32. Qxd3 exd3 33. Rd1
gxf6 0-1

[Event "AUTO-ELITE-1404"]
[Site "http://www.queenalice.com/game.php?id=1316752"]
[Date "2014.10.20"]
[Round "1"]
[White "Zugswang"]
[Black "PauloRezendeCXG"]
[Result "0-1"]
[WhiteElo "2212"]
[BlackElo "2198"]

1. e4 e6 2. d4 d5 3. Nd2 Nf6 4. e5 Nfd7 5. Bd3 c5 6. c3 Nc6 7. Ne2 c4 8. Bc2 Nb6
9. O-O Bd7 10. f4 Qc7 11. Ng3 O-O-O 12. b4 cxb3 13. axb3 f6 14. b4 Kb8 15. Bb2
fxe5 16. fxe5 Be7 17. Rf7 Rde8 18. Rxg7 h6 19. Bd3 Reg8 20. Qg4 Bg5 21. Rxg8+
Rxg8 22. Kh1 Qd8 23. Qe2 Bf4 24. Nh5 Bg5 25. Nb3 Be8 26. Nc5 Qe7 27. Nf6 Bxf6
28. exf6 Qxf6 29. Qxe6 Qxe6 30. Nxe6 Bd7 31. Nc5 a6 32. b5 axb5 33. Bxb5 h5 34.
Nxd7+ Nxd7 35. Ba3 Kc7 36. Rf1 Ra8 37. Bb4 Kb6 38. Be2 Nxb4 39. cxb4 Ra4 40. Rb1
h4 41. h3 Nf6 42. Kg1 Ne4 43. Bd3 Ng3 44. Kf2 Ra3 45. Ke3 Ne4 46. Rb2 Ng3 47.
Rf2 Rb3 48. Rf6+ Kc7 49. b5 Ne4 50. Rh6 Nd6 51. Rh7+ Kb6 52. Rxh4 Nf5+ 53. Kf2
Nxh4 54. Be2 Rb2 55. g4 Rb3 56. Bf1 Kc7 57. Kg1 Kd6 58. Kf2 Ke6 59. Kg1 Kf6 60.
Kh2 Kg5 61. Kg1 Kf4 0-1

[Event "AUTO-ELITE-1404"]
[Site "http://www.queenalice.com/game.php?id=1316753"]
[Date "2014.10.20"]
[Round "1"]
[White "PauloRezendeCXG"]
[Black "Zugswang"]
[Result "1-0"]
[WhiteElo "2206"]
[BlackElo "2250"]

1. d4 Nf6 2. c4 c5 3. e3 g6 4. Nf3 Bg7 5. Nc3 cxd4 6. Nxd4 Nc6 7. Be2 O-O 8. O-O
d5 9. Nxc6 bxc6 10. Qc2 e5 11. Rd1 Qa5 12. cxd5 cxd5 13. Bd2 Qc7 14. Rac1 Bf5
15. Bd3 Bxd3 16. Qxd3 Qb7 17. b3 Rfd8 18. Na4 Rac8 19. Ba5 Rxc1 20. Rxc1 Rc8 21.
Rxc8+ Qxc8 22. Qc3 Qf5 23. Qc1 Ne4 24. f3 Ng5 25. h4 Ne6 26. Bb4 Bf8 27. Bxf8
Kxf8 28. Nc5 Kg7 29. Nxe6+ Qxe6 30. Qc5 a6 31. b4 Qd7 32. Kf2 Kf6 33. g4 h6 34.
a3 d4 35. g5+ hxg5 36. hxg5+ Ke6 37. Qb6+ Qd6 38. Qxd6+ Kxd6 39. exd4 exd4 40.
Ke2 Kd5 41. Kd3 Ke5 42. a4 Kf4 43. Kxd4 Kxg5 44. b5 axb5 45. axb5 Kf4 46. b6
Kxf3 47. b7 f5 48. b8=Q g5 49. Qe5 Kg4 50. Ke3 f4+ 51. Kf2 Kh3 52. Qxg5 1-0

[Event "AUTO-ELITE-1405"]
[Site "http://www.queenalice.com/game.php?id=1316978"]
[Date "2014.10.21"]
[Round "1"]
[White "PauloRezendeCXG"]
[Black "PopowskiF"]
[Result "0-1"]
[WhiteElo "2162"]
[BlackElo "2258"]

1. d4 Nf6 2. c4 g6 3. Nf3 Bg7 4. Nc3 d6 5. e3 O-O 6. Be2 Nc6 7. O-O e5 8. d5 Ne7
9. e4 Nh5 10. g3 f5 11. Bg5 h6 12. Bxe7 Qxe7 13. Nh4 Nf4 14. exf5 gxf5 15. Bh5
Qg5 0-1

[Event "AUTO-ELITE-1405"]
[Site "http://www.queenalice.com/game.php?id=1316979"]
[Date "2014.10.21"]
[Round "1"]
[White "PopowskiF"]
[Black "PauloRezendeCXG"]
[Result "1-0"]
[WhiteElo "2267"]
[BlackElo "2153"]

1. e4 e6 2. d4 d5 3. Nc3 Nf6 4. Bg5 Be7 5. exd5 Nxd5 6. Bxe7 Nxe7 7. Nf3 O-O 8.
Bd3 h6 9. O-O b6 10. Qe2 Bb7 11. Rfe1 Nd7 12. Rad1 Nf6 13. Ne4 Nxe4 14. Bxe4
Bxe4 15. Qxe4 Qd5 16. Qxd5 1-0

[Event "AUTO-ELITE-1406"]
[Site "http://www.queenalice.com/game.php?id=1317736"]
[Date "2014.10.24"]
[Round "1"]
[White "cerenzo72"]
[Black "PauloRezendeCXG"]
[Result "1-0"]
[WhiteElo "2147"]
[BlackElo "2210"]

1. d4 Nf6 2. c4 e6 3. Nf3 d5 4. e3 Be7 5. cxd5 exd5 6. Nc3 O-O 7. Be2 c6 8. O-O
Bg4 9. Bd2 Nbd7 10. Nh4 Bxe2 11. Qxe2 Ne4 12. Nxe4 Bxh4 13. Nd6 Qc7 14. Bb4 Be7
15. Nb5 Qd8 16. Bxe7 Qxe7 17. Nc3 Rae8 18. Rae1 f5 19. f4 Nf6 20. Rf3 Ne4 21.
Nxe4 Qxe4 22. Qf2 Re6 23. Rg3 Rfe8 24. Rg5 g6 25. h4 Qxe3 26. Rxe3 1-0

[Event "AUTO-ELITE-1406"]
[Site "http://www.queenalice.com/game.php?id=1317737"]
[Date "2014.10.24"]
[Round "1"]
[White "PauloRezendeCXG"]
[Black "cerenzo72"]
[Result "0-1"]
[WhiteElo "2208"]
[BlackElo "2093"]

1. d4 Nf6 2. c4 g6 3. Nc3 Bg7 4. Nf3 d6 5. Bg5 O-O 6. e3 Nbd7 7. Be2 c6 8. O-O
e5 9. dxe5 Nxe5 10. Nxe5 dxe5 11. Qxd8 Rxd8 12. Ne4 Nxe4 13. Bxd8 Be6 14. Ba5 b6
15. Be1 Rd8 16. f3 Nd2 17. Bxd2 Rxd2 18. Rf2 Rxb2 19. Bf1 Rb4 20. a3 Rb3 21. e4
Bf8 22. Rc2 Bxa3 23. Kh1 a5 24. h3 Bc5 25. Kh2 Bd4 26. Rd1 a4 27. Rd3 Rb1 0-1

[Event "AUTO-ELITE-1406"]
[Site "http://www.queenalice.com/game.php?id=1317742"]
[Date "2014.10.24"]
[Round "1"]
[White "janeil"]
[Black "PauloRezendeCXG"]
[Result "1-0"]
[WhiteElo "2418"]
[BlackElo "2135"]

1. e4 e6 2. d4 d5 3. Nc3 Nf6 4. Bg5 Be7 5. e5 Nfd7 6. h4 a6 7. Qg4 h5 8. Qg3 c5
9. Nf3 cxd4 10. Nxd4 Nc6 11. O-O-O Nxd4 12. Rxd4 g6 13. f4 Qb6 14. Rd1 Bb4 15.
Be2 Bxc3 16. Qxc3 Nc5 17. Qd4 Nd7 18. Qd2 Nc5 19. Bf3 Bd7 20. Bf6 Rg8 21. Kb1
Na4 22. c4 Bc6 23. cxd5 Bxd5 24. Bxd5 exd5 25. Rc1 d4 26. Rhd1 Nc3+ 27. Rxc3
dxc3 28. Qd7+ 1-0

[Event "AUTO-ELITE-1406"]
[Site "http://www.queenalice.com/game.php?id=1317743"]
[Date "2014.10.24"]
[Round "1"]
[White "PauloRezendeCXG"]
[Black "janeil"]
[Result "0-1"]
[WhiteElo "2131"]
[BlackElo "2420"]

1. d4 Nf6 2. Nf3 e6 3. Bg5 c5 4. Bxf6 Qxf6 5. e3 Nc6 6. Bb5 a6 7. Bxc6 bxc6 8.
O-O cxd4 9. Qxd4 Qxd4 10. Nxd4 e5 11. Nf3 d6 12. Nc3 Be6 13. b3 Be7 14. h3 O-O
15. Rfd1 Rfd8 16. e4 Rd7 17. Rd2 Rad8 18. Rad1 f6 19. Kf1 d5 20. exd5 cxd5 21.
Na4 Rc7 22. Nb6 d4 23. Ke2 Rc3 24. Na4 Rc7 25. g4 Rdc8 26. Nb6 Rb8 27. Na4 Bd7
28. Kf1 Bb4 29. c3 Bxc3 0-1

[Event "AUTO-ELITE-1407"]
[Site "http://www.queenalice.com/game.php?id=1318091"]
[Date "2014.10.27"]
[Round "1"]
[White "PauloRezendeCXG"]
[Black "BEBADO"]
[Result "0-1"]
[WhiteElo "2193"]
[BlackElo "2204"]

1. d4 Nf6 2. c4 g6 3. Nf3 Bg7 4. Nc3 O-O 5. Bf4 d6 6. e3 c6 7. Be2 Nbd7 8. O-O
a6 9. h3 b5 10. cxb5 axb5 11. b4 Nb6 12. a4 bxa4 13. Nxa4 Nxa4 14. Rxa4 Rxa4 15.
Qxa4 Qb6 16. Qa5 Nd5 17. Rc1 Qxb4 18. Qxb4 Nxb4 19. Rc4 Nd5 20. Rxc6 Bb7 21. Rc1
Nxf4 22. exf4 Bxf3 23. Bxf3 Bxd4 24. g4 Rb8 25. Rc2 e6 26. Kg2 Rb4 27. Be2 d5
0-1

[Event "AUTO-ELITE-1407"]
[Site "http://www.queenalice.com/game.php?id=1318092"]
[Date "2014.10.27"]
[Round "1"]
[White "BEBADO"]
[Black "PauloRezendeCXG"]
[Result "1-0"]
[WhiteElo "2223"]
[BlackElo "2219"]

1. e4 e6 2. d4 d5 3. Nc3 Nf6 4. e5 Nfd7 5. f4 Bb4 6. Nf3 c5 7. a3 cxd4 8. axb4
dxc3 9. bxc3 O-O 10. Bd3 f5 11. exf6 Nxf6 12. O-O Nc6 13. Kh1 h6 14. Be3 Bd7 15.
Ne5 Nxe5 16. fxe5 Ne4 17. Rxf8+ Qxf8 18. Bxe4 Bc6 19. Bd3 1-0

[Event "AUTO-ELITE-1407"]
[Site "http://www.queenalice.com/game.php?id=1318093"]
[Date "2014.10.27"]
[Round "1"]
[White "PauloRezendeCXG"]
[Black "pony"]
[Result "0-1"]
[WhiteElo "2181"]
[BlackElo "2353"]

1. d4 c5 2. c3 Qb6 3. Nf3 Nf6 4. Nbd2 d5 5. dxc5 Qxc5 6. Nb3 Qc7 7. e3 Nc6 8.
Bb5 e5 9. O-O Bd6 10. h3 O-O 11. Re1 h6 12. Bd2 a6 13. Bxc6 Qxc6 14. Rc1 b5 15.
Na5 Qb6 16. b4 Bc7 17. Re2 Qd6 18. Kf1 e4 19. Ng1 Nd7 20. Re1 Ne5 21. f4 exf3
22. Nxf3 Nd3 23. Qe2 Nxc1 24. Bxc1 Bf5 25. Nb3 Rfe8 26. Nbd4 Be4 27. Kg1 Qg3 28.
Qf2 Qg6 29. Nh4 Qg5 30. Nhf3 Qf6 31. Nd2 Qxf2+ 32. Kxf2 Bd3 33. N2f3 Bd6 34. Rd1
Bc4 35. a3 Bf8 36. Nc6 Rac8 37. Nfd4 g6 38. g4 Bg7 39. Na7 Rc7 0-1

[Event "AUTO-ELITE-1407"]
[Site "http://www.queenalice.com/game.php?id=1318094"]
[Date "2014.10.27"]
[Round "1"]
[White "pony"]
[Black "PauloRezendeCXG"]
[Result "1-0"]
[WhiteElo "2314"]
[BlackElo "2207"]

1. c4 Nf6 2. Nc3 d5 3. cxd5 Nxd5 4. g3 e6 5. Bg2 Be7 6. Qb3 c6 7. Nf3 O-O 8. O-O
Nd7 9. d4 N7f6 10. Ne5 Rb8 11. e4 Nxc3 12. Qxc3 Nd7 13. Nd3 Nf6 14. Bf4 Ra8 15.
Rfd1 h6 16. h3 a5 17. a3 Bd7 18. Rac1 b5 19. Nc5 Nh5 20. Be3 Bxc5 21. dxc5 Qc7
22. Bd4 f6 23. e5 f5 24. Bf3 Be8 25. Qb3 Qe7 26. Bc3 a4 27. Qa2 Kh7 28. Rd6 Bd7
29. Bxh5 1-0